000 00780cam a2200169 4500
082 _a940.400956
_bPRE
100 1 _aPreston, Richard Martin Peter,
_949453
245 1 4 _aThe Desert mounted corps;
_ban account of the cavalry operations in Palestine and Syria, 1917-1918,
_cby Lieut.-Colonel the Hon. R.M.P. Preston, D.S.O. With an introduction by Lieut.-General Sir H.G. Chauvel.
260 _aLondon,
_bConstable and company ltd.,
_c1921.
300 _a 356,p.:
_bwith maps.
_c23 cm.
526 _a0
_b0
_c0
_d940_400956000000000_PRE
650 0 _aMCE
_9379
650 0 _aWorld War, 1914-1918
_xCampaigns
_zMiddle East.
_949434
650 0 _aWorld War, 1914-1918
_xRegimental histories
_zGreat Britain.
856 4 1 _uhttp://www.loc.gov/catdir/toc/fy0716/21013249.html
942 _2ddc
_cBK
999 _c552228
_d552228